| 000 | 01411nam a22003857a 4500 | ||
|---|---|---|---|
| 003 | CHAP | ||
| 005 | 20220329140940.0 | ||
| 008 | 971013s1996 r 00010 d | ||
| 010 | _a60244 | ||
| 011 | _a61216 | ||
| 035 | _a65380 | ||
| 040 | _cCHAP | ||
| 090 | _aTesis | ||
| 100 | 0 | 0 |
_aOsorio Carrizosa, Samuel. _984210 |
| 245 | _aEfectividad biológica de azadiractina en el gusano cogollero (Spodoptera frugiperda (J. E. Smith) (Lepidoptera : Noctuidae), en Putla de Guerrero, Oaxaca | ||
| 260 |
_aChapingo, Méx. : _bEl autor, _c1996 |
||
| 300 | _a54 h. | ||
| 502 | _aTesis (Ing. Agr. Esp. en Fitotecnia) -- UACH. Departamento de Fitotecnia | ||
| 590 |
_aALEPH _b10 _c20130110 _lUCH01 _h1339 |
||
| 590 |
_aBATCH-UPD _b10 _c20130110 _lUCH01 _h0354 |
||
| 590 |
_aBATCH-UPD _b10 _c20130110 _lUCH01 _h2027 |
||
| 590 |
_aBATCH-UPD _b10 _c20130410 _lUCH01 _h0028 |
||
| 590 |
_aBATCH-UPD _b10 _c20130914 _lUCH01 _h0506 |
||
| 590 |
_aCONVERSION _b10 _c20130109 _lUCH01 _h1332 |
||
| 650 | 1 | 4 |
_aAzadirachta indica. _99047 |
| 650 | 1 | 4 |
_aControl biológico de plagas. _927587 |
| 650 | 1 | 4 |
_aGusano cogollero del maíz. _951561 |
| 650 | 1 | 4 |
_aInsecticidas biológicos. _958883 |
| 650 | 1 | 4 |
_aInsecticidas _xEfecto en plantas. _958871 |
| 650 | 1 | 4 |
_aMaíz _xPlagas. _971034 |
| 901 | _aBK | ||
| 942 | _cFOLL | ||
| 949 |
_bBC _cTES _d-145824 _eTS1 _h29055 _i65380 _si |
||
| 949 |
_bBC _cTES _d33724000170510 _eTS2 _fc.2 _h29056 _i65380 _si |
||
| 999 |
_c60244 _d60244 |
||